Viisi lähintä valtiota valtioittain #3 - Statistics

Yleistilastot
  • Tätä visaa on pelattu 1 170 kertaa
  • Keskiarvotulos 26 / 40
Vastaustilastot
Lähtövaltio # Vastaus % Oikein
Tanska 3 Ruotsi
99%
Tanska 0 Saksa
99%
Tanska 113 Norja
97%
Mongolia 0 Kiina
90%
Mongolia 0 Venäjä
90%
Jemen 0 Oman
83%
Tanska 156 Puola
83%
Jemen 0 Saudi-Arabia
83%
Marokko 0 Algeria
80%
Kuuba 151 Yhdysvallat
80%
Kuuba 85 Haiti
77%
Mongolia 37 Kazakstan
75%
Marokko 0 Espanja
74%
Kuuba 145 Jamaika
74%
Marokko 0 Mauritania
68%
Jemen 97 Somalia
67%
Mongolia 778 Pohjois-Korea
66%
Tanska 0 Kanada
64%
Päiväntasaajan Guinea 200 Kongon tasavalta
64%
Kuuba 93 Bahama
62%
Kuuba 196 Meksiko
62%
Madagaskar 415 Mosambik
62%
Madagaskar 299 Ranska
58%
Madagaskar 869 Mauritius
57%
Jemen 27 Eritrea
56%
Päiväntasaajan Guinea 0 Kamerun
56%
Madagaskar 768 Tansania
56%
Marokko 203 Portugali
55%
Marokko 16 Yhdistynyt kuningaskunta
55%
Mongolia 908 Kirgisia
54%
Madagaskar 391 Komorit
54%
Jemen 19 Djibouti
53%
Päiväntasaajan Guinea 0 Gabon
53%
Palau 396 Mikronesia
52%
Päiväntasaajan Guinea 95 Nigeria
51%
Palau 1190 Papua-Uusi-Guinea
50%
Palau 325 Indonesia
49%
Palau 658 Filippiinit
41%
Päiväntasaajan Guinea 213 São Tomé ja Príncipe
39%
Palau 1418 Malesia
36%
Ehtoja vastaavia visoja ei löytynyt
Tulosjakauma
Jokaisen tuloksen saaneiden osuus
Persentiili vastausten määrän mukaan
Tuloshistoriasi
Et ole pelannut tätä visaa